| 000 | 00753nam 22002413 4500 | ||
|---|---|---|---|
| 001 | 201307 | ||
| 010 | _a972-750-842-1 | ||
| 021 |
_aPT _b153980/00 |
||
| 090 | _a201307 | ||
| 100 | _a20260316d u||y0pory50 ba | ||
| 101 | _apor | ||
| 102 | _aPT | ||
| 200 |
_aO Gigante e os Morangos _fAnabela Batista _gIlustração de Raffaello Bergonse |
||
| 210 |
_aRio de Mouro _cEverest Editora _d2000 |
||
| 215 |
_a45, [3] p. : todo il. _cBrochado _d21 x 19 cm |
||
| 225 | _aMontanha Encantada | ||
| 606 |
_922 _aLiteratura Infantil Portuguesa |
||
| 675 |
_a821.134.3-93/BAT/GIG _vPT _zpor |
||
| 700 |
_916860 _aBatista _bAnabela |
||
| 701 |
_92516 _aBergonse _bRaffaello _f1978 |
||
| 801 |
_aPT _bBMMN _gRPC |
||
| 830 |
_cCarlos Pinto _d16-03-2026 _fCarlos Pinto |
||
| 990 | _cLIVROS | ||